Normal view
MARC view
Entry Personal Name
001 - CONTROL NUMBER
- control field: 42122
003 - CONTROL NUMBER IDENTIFIER
- control field: ARRUPE
005 - DATE AND TIME OF LATEST TRANSACTION
- control field: 20180912122511.0
008 - FIXED-LENGTH DATA ELEMENTS
- fixed length control field: 180912|| aca||aabn | a|a d
040 ## - CATALOGING SOURCE
- Original cataloging agency: ARRUPE
- Transcribing agency: ARRUPE
100 ## - HEADING--PERSONAL NAME
- Personal name: Clarke, Desmond (ed.)
670 ## - SOURCE DATA FOUND
- Source citation: Work cat.: (ARRUPE)0: Clarke, Desmond (ed.), The Oxford handbook of philosophy in early modern Europe /, 2011.